Liverpool FC Squad 1976-1977 - Statistics

General Stats
  • This quiz has been taken 13 times
  • The average score is 13 of 21
Answer Stats
Position Nation Player % Correct
Coach England Bob Paisley
91%
DF England Phil Neal
91%
GK England Ray Clemence
91%
FW Wales John Toshack
82%
FW England Kevin Keegan
82%
DF England Phil Thompson
82%
DF England Emlyn Hughes
73%
MF England Ray Kennedy
73%
MF England Sammy Lee
73%
DF England Tommy Smith
73%
FW England David Fairclough
64%
MF England Ian Callaghan
64%
MF Ireland Steve Heighway
64%
MF England Terry McDermott
64%
FW England David Johnson
55%
MF England Jimmy Case
55%
DF Wales Joey Jones
55%
DF England Alec Lindsay
27%
FW England Alan Waddle
18%
DF England Brian Kettle
18%
GK England Peter McDonnell
9%
No matching quizzes found
Score Distribution
Percent of People with Each Score
Percentile by Number Answered
Your Score History
You have not taken this quiz